[Event "Sherbrooke op"]
[Site "Sherbrooke CAN"]
[Date "2010.05.30"]
[Round "4"]
[White "Pilotte, Benoit"]
[Black "Kraiouchkine, Nikita"]
[Result "0-1"]
[WhiteElo "1752"]
[BlackElo "2208"]
[PlyCount "44"]
[EventDate "2010.05.28"]
[EventType "swiss"]
[EventRounds "5"]
[EventCountry "CAN"]

1. g4 d5 2. Bg2 c6 3. h3 g6 4. d4 Bg7 5. Nf3 Nf6 6. Nc3 O-O 7. Bf4 Qb6 8. b3
Nbd7 9. O-O h5 10. Nh2 hxg4 11. hxg4 Re8 12. Be3 Qb4 13. Qd3 e5 14. g5 Nh5 15.
Nxd5 cxd5 16. Bxd5 Qd6 17. c4 exd4 18. Ng4 Nc5 19. Nh6+ Kh7 20. Nxf7 Qxd5 21.
cxd5 Nxd3 22. Bxd4 Bxd4 0-1

[Event "Sherbrooke op"]
[Site "Sherbrooke CAN"]
[Date "2010.05.30"]
[Round "5"]
[White "Kraiouchkine, Nikita"]
[Black "Schommer, Philippe"]
[Result "1/2-1/2"]
[WhiteElo "2208"]
[BlackElo "1834"]
[PlyCount "67"]
[EventDate "2010.05.28"]
[EventType "swiss"]
[EventRounds "5"]
[EventCountry "CAN"]

1. e4 d6 2. d4 Nf6 3. Nc3 Nbd7 4. f4 e5 5. Nf3 exd4 6. Qxd4 c6 7. a4 d5 8. e5
Bc5 9. Qd1 Ng4 10. Nd4 Ngxe5 11. Nb3 Ng6 12. Nxc5 Qe7+ 13. Qe2 Qxe2+ 14. Bxe2
Nxc5 15. b4 Ne4 16. Nxe4 dxe4 17. Kf2 O-O 18. c4 f5 19. Ke3 Be6 20. Bb2 Rfd8
21. Rhd1 Kf7 22. a5 Nh4 23. g3 Nf3 24. h4 g6 25. Bc3 Ke8 26. Rxd8+ Rxd8 27. Rd1
Rxd1 28. Bxd1 Bxc4 29. Bxf3 exf3 30. Kxf3 b6 31. axb6 axb6 32. Bd4 c5 33. bxc5
bxc5 34. Bxc5 1/2-1/2

[Event "Quebec-ch Elite"]
[Site "Montreal CAN"]
[Date "2010.05.07"]
[Round "1"]
[White "Kraiouchkine, Nikita"]
[Black "Sarrazin-Gendron, Roman"]
[Result "1-0"]
[WhiteElo "2198"]
[BlackElo "1896"]
[PlyCount "107"]
[EventDate "2010.05.07"]
[EventType "swiss"]
[EventRounds "5"]
[EventCountry "CAN"]

1. e4 c6 2. d4 d5 3. Nc3 dxe4 4. Nxe4 Bf5 5. Ng3 Bg6 6. h4 h6 7. Nf3 Nd7 8. h5
Bh7 9. Bd3 Bxd3 10. Qxd3 Ngf6 11. Bf4 Qa5+ 12. Bd2 Qc7 13. O-O-O e6 14. Ne4
O-O-O 15. Kb1 Nxe4 16. Qxe4 Nf6 17. Qe2 Bd6 18. c4 c5 19. Bc3 Qc6 20. d5 Qc7
21. dxe6 Rde8 22. Qd3 Rxe6 23. Qf5 Kb8 24. Rhe1 Rhe8 25. Bxf6 gxf6 26. Rxe6
Rxe6 27. Qh7 Bf8 28. Nh4 Re2 29. Qd3 Rxf2 30. Qd8+ Qc8 31. g4 Re2 32. Nf5 Re8
33. Qxf6 Qe6 34. Rd8+ Rxd8 35. Qxd8+ Qc8 36. Qxc8+ Kxc8 37. g5 hxg5 38. h6 Bxh6
39. Nxh6 f6 40. Kc2 Kd7 41. Kd3 Ke6 42. Ke4 a6 43. a4 b6 44. Nf5 g4 45. Kf4 Kd7
46. Kxg4 Kc6 47. Ne7+ Kd6 48. Nd5 b5 49. Kf5 bxc4 50. Ne3 Kc6 51. Kxf6 c3 52.
bxc3 c4 53. Nxc4 Kc5 54. Nb2 1-0

[Event "Quebec-ch Elite"]
[Site "Montreal CAN"]
[Date "2010.05.08"]
[Round "2"]
[White "Castellanos, Renier"]
[Black "Kraiouchkine, Nikita"]
[Result "1-0"]
[WhiteElo "2422"]
[BlackElo "2198"]
[PlyCount "69"]
[EventDate "2010.05.07"]
[EventType "swiss"]
[EventRounds "5"]
[EventCountry "CAN"]

1. e4 e5 2. Nf3 Nc6 3. Bb5 f5 4. d3 fxe4 5. dxe4 Nf6 6. O-O Bc5 7. Qd3 Nd4 8.
Nxe5 Qe7 9. Nf3 Qxe4 10. Nxd4 Qxd3 11. Bxd3 Bxd4 12. Re1+ Kf7 13. Nd2 Re8 14.
Rxe8 Kxe8 15. Nf3 Bb6 16. Bg5 h6 17. Re1+ Kf8 18. Bxf6 gxf6 19. Bg6 Kg7 20. Nh4
Bc5 21. Re8 b5 22. Be4 Kf7 23. Rh8 c6 24. Bg6+ Kg7 25. Rd8 Bb6 26. Re8 Bc5 27.
Bf5 Bb7 28. Rxa8 Bxa8 29. Bxd7 a6 30. Bg4 b4 31. Bf3 Bb7 32. Nf5+ Kg6 33. Be4
Kh5 34. Ng7+ Kg4 35. Bf3+ 1-0

[Event "Quebec-ch Elite"]
[Site "Montreal CAN"]
[Date "2010.05.08"]
[Round "3"]
[White "Kraiouchkine, Nikita"]
[Black "Lepine, Cedric"]
[Result "1-0"]
[WhiteElo "2198"]
[BlackElo "1889"]
[PlyCount "41"]
[EventDate "2010.05.07"]
[EventType "swiss"]
[EventRounds "5"]
[EventCountry "CAN"]

1. e4 Nf6 2. e5 Nd5 3. d4 d6 4. Nf3 Nc6 5. Bb5 Bd7 6. Bxc6 bxc6 7. c4 Nb6 8. b3
e6 9. a4 d5 10. c5 Nc8 11. b4 Rb8 12. Bd2 Ne7 13. Bc3 Bc8 14. Qd3 Ng6 15. g3 f6
16. h4 fxe5 17. dxe5 Be7 18. h5 Nf8 19. Nd4 Bd7 20. a5 g6 21. Bd2 1-0

[Event "Quebec-ch Elite"]
[Site "Montreal CAN"]
[Date "2010.05.09"]
[Round "4"]
[White "Jiang, Louie"]
[Black "Kraiouchkine, Nikita"]
[Result "1/2-1/2"]
[WhiteElo "2321"]
[BlackElo "2198"]
[PlyCount "107"]
[EventDate "2010.05.07"]
[EventType "swiss"]
[EventRounds "5"]
[EventCountry "CAN"]

1. e4 e5 2. Nf3 Nc6 3. Bb5 f5 4. d3 fxe4 5. dxe4 Nf6 6. Qe2 Bc5 7. Bxc6 bxc6 8.
Nxe5 Qe7 9. Nd3 O-O 10. Nc3 Bd4 11. e5 Re8 12. O-O Ba6 13. Re1 Qf7 14. Be3 Bxd3
15. Qxd3 Bxe5 16. Bd4 Ng4 17. h3 Qf4 18. g3 Qxd4 19. Qxd4 Bxd4 20. hxg4 Rf8 21.
Re2 Rab8 22. Rd1 c5 23. Na4 d6 24. c3 Bf6 25. b3 Rbe8 26. Rde1 Kf7 27. Kf1 Rxe2
28. Rxe2 Re8 29. Ke1 Rxe2+ 30. Kxe2 Ke6 31. Kd3 c6 32. Nb2 d5 33. Nd1 g6 34. f3
Be5 35. f4 Bf6 36. Nf2 Bg7 37. Nh3 Bf6 38. g5 Bg7 39. g4 Bf8 40. Ng1 Bd6 41.
Ne2 Be7 42. Ke3 Bd6 43. Nc1 Be7 44. c4 Kd6 45. Nd3 Bd8 46. Kf3 Be7 47. Ke3 Bd8
48. Kd2 Ba5+ 49. Kc2 Bd8 50. Kb2 Ba5 51. Kc2 Bd8 52. Kb2 Ba5 53. Kc2 Bd8 54.
Kb2 1/2-1/2

[Event "Mauricie op"]
[Site "Trois-Rivieres CAN"]
[Date "2010.03.20"]
[Round "2"]
[White "Kovalyov, Anton"]
[Black "Kraiouchkine, Nikita"]
[Result "1-0"]
[WhiteElo "2585"]
[BlackElo "2262"]
[PlyCount "81"]
[EventDate "2010.03.19"]
[EventType "swiss"]
[EventRounds "5"]
[EventCountry "CAN"]

1. d4 d5 2. c4 c6 3. Nf3 Nf6 4. e3 Bg4 5. Qb3 Qb6 6. Nc3 e6 7. Nh4 Be7 8. h3
Bh5 9. g4 Nfd7 10. gxh5 Bxh4 11. Rg1 Bf6 12. Bd2 Na6 13. Qa4 Qb4 14. cxd5 exd5
15. Bxa6 Qxa4 16. Nxa4 bxa6 17. Rc1 Rc8 18. Ke2 g6 19. Rc3 gxh5 20. Rgc1 Nb8
21. Rb3 O-O 22. Rb7 Rfe8 23. Rg1+ Bg7 24. Bb4 Re6 25. Rg5 h6 26. Rf5 Bxd4 27.
Rfxf7 c5 28. Bc3 Bxc3 29. Nxc3 Rd8 30. Rg7+ Kh8 31. Rh7+ Kg8 32. Rbg7+ Kf8 33.
Rxa7 Kg8 34. Rag7+ Kf8 35. Rg3 Red6 36. Na4 d4 37. Nxc5 dxe3 38. Rxe3 Kg8 39.
Ree7 Nc6 40. Reg7+ Kf8 41. Nd7+ 1-0

[Event "Mauricie op"]
[Site "Trois-Rivieres CAN"]
[Date "2010.03.21"]
[Round "5"]
[White "Kraiouchkine, Nikita"]
[Black "Auger, Bertrand"]
[Result "1-0"]
[WhiteElo "2262"]
[BlackElo "1828"]
[PlyCount "125"]
[EventDate "2010.03.19"]
[EventType "swiss"]
[EventRounds "5"]
[EventCountry "CAN"]

1. e4 e6 2. d4 d5 3. Nc3 dxe4 4. Nxe4 Bd7 5. Nf3 Bc6 6. Bd3 Nd7 7. O-O Ngf6 8.
Ng3 Be7 9. Qe2 Bxf3 10. Qxf3 c6 11. b3 Qc7 12. c4 O-O 13. Bb2 Rfe8 14. Rac1
Rac8 15. d5 Bd6 16. dxc6 Qxc6 17. Qxc6 Rxc6 18. Ne4 Nxe4 19. Bxe4 Rc7 20. Rcd1
Bc5 21. a3 a5 22. Rd2 Nf6 23. Bf3 Be7 24. Rfd1 b6 25. Be5 Rcc8 26. Bb7 Rcd8 27.
Rxd8 Rxd8 28. Rxd8+ Bxd8 29. b4 axb4 30. axb4 Be7 31. Bc3 Bd6 32. h3 Nd7 33.
Ba6 Kf8 34. Kf1 g6 35. Ke2 Ke7 36. Bb5 Nf6 37. Kd3 h5 38. Bd2 e5 39. Bc6 Ke6
40. f3 Be7 41. Ba4 Nh7 42. Kc3 f5 43. Be8 Kf6 44. Be3 Bd8 45. c5 bxc5 46. Bxc5
h4 47. b5 g5 48. b6 g4 49. hxg4 fxg4 50. fxg4 Kg5 51. Bd7 Nf6 52. Be3+ Kg6 53.
Bf5+ Kf7 54. b7 Nd5+ 55. Kd2 Bc7 56. Ba7 Kf6 57. b8=Q Bxb8 58. Bxb8 Nf4 59. Ke3
Nxg2+ 60. Ke4 Kg5 61. Bxe5 h3 62. Bg3 Nh4 63. Bf4+ 1-0

[Event "Quebec-ch U20"]
[Site "Montreal CAN"]
[Date "2010.03.12"]
[Round "1"]
[White "Chang, Michael"]
[Black "Kraiouchkine, Nikita"]
[Result "0-1"]
[WhiteElo "1584"]
[BlackElo "2258"]
[PlyCount "96"]
[EventDate "2010.03.12"]
[EventType "swiss"]
[EventRounds "5"]
[EventCountry "CAN"]

1. e4 e5 2. Nf3 Nc6 3. Bc4 Nf6 4. d3 Be7 5. Nc3 d6 6. h3 O-O 7. O-O Na5 8. Bb3
c6 9. Re1 Qc7 10. a3 Nxb3 11. cxb3 c5 12. Be3 Qa5 13. Rc1 b5 14. Bg5 Be6 15.
Bd2 Qa6 16. Ra1 Qb7 17. b4 Nd7 18. Be3 cxb4 19. axb4 d5 20. exd5 Bxd5 21. Nxd5
Qxd5 22. Qd2 a6 23. Rac1 f6 24. Rc2 Rfd8 25. Rd1 Qb3 26. Bc5 Nxc5 27. bxc5 e4
28. Ne1 Rac8 29. Qe3 Bxc5 30. Qxe4 Bxf2+ 31. Kxf2 Rxc2+ 32. Nxc2 Qxc2+ 33. Qe2
Qc5+ 34. Qe3 Qd5 35. Rd2 a5 36. Qb6 a4 37. Kf1 h6 38. Qa5 Qf5+ 39. Kg1 Rxd3 40.
Rxd3 Qxd3 41. Qc7 Kh7 42. Qc5 Qd1+ 43. Kh2 Qf1 44. Qd4 Qf5 45. Qb4 Qe5+ 46. Kh1
f5 47. Qd2 Qe4 48. Kg1 b4 0-1

[Event "Quebec-ch U20"]
[Site "Montreal CAN"]
[Date "2010.03.13"]
[Round "2"]
[White "Kraiouchkine, Nikita"]
[Black "Sprumont, Oscar"]
[Result "1-0"]
[WhiteElo "2258"]
[BlackElo "1631"]
[PlyCount "83"]
[EventDate "2010.03.12"]
[EventType "swiss"]
[EventRounds "5"]
[EventCountry "CAN"]

1. e4 e5 2. Nf3 Nc6 3. Bb5 a6 4. Ba4 Nf6 5. O-O Nxe4 6. d4 b5 7. Bb3 d5 8. dxe5
Be6 9. Nbd2 Nc5 10. c3 Be7 11. Bc2 d4 12. cxd4 Nxd4 13. Nxd4 Qxd4 14. Qf3 O-O
15. Re1 Bh4 16. g3 Be7 17. Nf1 Qd5 18. Qxd5 Bxd5 19. Ne3 Bb7 20. Nf5 Rfe8 21.
Nxe7+ Rxe7 22. Bg5 Ree8 23. Rac1 Ne6 24. Be3 c5 25. f4 Red8 26. Kf2 Nd4 27. Bd1
c4 28. Bg4 Bc8 29. Bd1 Bb7 30. Bxd4 Rxd4 31. Bc2 Rd2+ 32. Re2 Rad8 33. Ke3
Rxe2+ 34. Kxe2 Bc8 35. Ke3 g6 36. Rd1 Rxd1 37. Bxd1 Kf8 38. Kd4 Bd7 39. Kc5 a5
40. Bf3 Ke7 41. Bb7 a4 42. a3 1-0

[Event "Quebec-ch U20"]
[Site "Montreal CAN"]
[Date "2010.03.13"]
[Round "3"]
[White "Lepine, Cedric"]
[Black "Kraiouchkine, Nikita"]
[Result "0-1"]
[WhiteElo "1841"]
[BlackElo "2258"]
[PlyCount "46"]
[EventDate "2010.03.12"]
[EventType "swiss"]
[EventRounds "5"]
[EventCountry "CAN"]

1. e4 e5 2. Nf3 Nc6 3. Bb5 f5 4. d3 Nf6 5. O-O fxe4 6. dxe4 Bc5 7. Nc3 d6 8.
Bg5 O-O 9. Nd5 Kh8 10. c3 Ne7 11. b4 Nexd5 12. exd5 Bb6 13. Nd2 h6 14. Bxf6
Qxf6 15. Ne4 Qh4 16. Ng3 Bg4 17. Qd2 Rf7 18. Kh1 Raf8 19. f3 Rxf3 20. gxf3
Bxf3+ 21. Rxf3 Rxf3 22. Nf1 Rf2 23. Qd3 Qg4 0-1

[Event "Quebec-ch U20"]
[Site "Montreal CAN"]
[Date "2010.03.14"]
[Round "4"]
[White "Kraiouchkine, Nikita"]
[Black "Cvetkovic, Simeon"]
[Result "1-0"]
[WhiteElo "2258"]
[BlackElo "1934"]
[PlyCount "91"]
[EventDate "2010.03.12"]
[EventType "swiss"]
[EventRounds "5"]
[EventCountry "CAN"]

1. e4 g6 2. d4 d6 3. Nc3 c6 4. f4 Bg7 5. Nf3 Nd7 6. Be3 Qc7 7. Bd3 Ngf6 8. h3
O-O 9. O-O e5 10. Qe1 Re8 11. Qh4 exd4 12. Nxd4 a6 13. Rfe1 c5 14. Nf3 b5 15.
f5 Bb7 16. fxg6 hxg6 17. Ng5 Nf8 18. a3 Ne6 19. Kh1 Nxg5 20. Bxg5 Nh7 21. Bd2
Qe7 22. Qf2 Rad8 23. Rad1 Be5 24. b3 Bd4 25. Qf3 Qf6 26. Rf1 Qxf3 27. gxf3 Kg7
28. Rb1 Rh8 29. a4 b4 30. Ne2 Bf6 31. Nf4 Ng5 32. Kg2 Rh7 33. Rh1 Rdh8 34. Be1
Be5 35. Bg3 Re8 36. h4 Ne6 37. Nxe6+ Rxe6 38. Bc4 Re7 39. Bxe5+ dxe5 40. Rbd1
Rh8 41. Rd6 Ra8 42. Rhd1 Ra7 43. Rd8 a5 44. R1d6 f5 45. Rg8+ Kh6 46. Rgxg6+ 1-0

[Event "RA Spring op"]
[Site "Ottawa CAN"]
[Date "2010.03.05"]
[Round "1"]
[White "Kraiouchkine, Nikita"]
[Black "Sambuev, Bator"]
[Result "1-0"]
[WhiteElo "2230"]
[BlackElo "2610"]
[PlyCount "69"]
[EventDate "2010.03.05"]
[EventType "swiss"]
[EventRounds "5"]
[EventCountry "CAN"]

1. e4 e6 2. d4 d5 3. Nc3 Bb4 4. e5 c5 5. a3 Ba5 6. Qg4 Ne7 7. Qxg7 Rg8 8. Qxh7
cxd4 9. b4 dxc3 10. bxa5 Nbc6 11. f4 Qxa5 12. Nf3 Bd7 13. Ng5 Rxg5 14. fxg5
O-O-O 15. Qxf7 d4 16. Be2 Qxe5 17. Qf4 Qc5 18. O-O e5 19. Qe4 Be8 20. Bd3 Bg6
21. Qg4+ Kb8 22. a4 e4 23. Bxe4 d3+ 24. Kh1 d2 25. Ba3 Qd4 26. Qf4+ Ka8 27.
Bxe7 Nxe7 28. Bxb7+ Kxb7 29. Rab1+ Kc6 30. Qf3+ Nd5 31. Qe2 Bxc2 32. Qe6+ Kc5
33. Rb5+ Kc4 34. Qa6 Nb4 35. Rxb4+ 1-0

[Event "Carnaval"]
[Site "Quebec CAN"]
[Date "2010.01.30"]
[Round "2"]
[White "Kraiouchkine, Nikita"]
[Black "Rainfray, Arnaud"]
[Result "0-1"]
[WhiteElo "2234"]
[BlackElo "2368"]
[PlyCount "67"]
[EventDate "2010.01.29"]
[EventType "swiss"]
[EventRounds "5"]
[EventCountry "CAN"]

1. e4 e5 2. Nf3 Nc6 3. Bb5 a6 4. Ba4 Nf6 5. O-O b5 6. Bb3 Bc5 7. c3 d6 8. a4
Rb8 9. d4 Bb6 10. Na3 O-O 11. axb5 axb5 12. Nxb5 exd4 13. cxd4 Bg4 14. Ba4 d5
15. e5 Ne4 16. Be3 Na5 17. h3 Bh5 18. g4 Bg6 19. Nd2 Nxd2 20. Qxd2 f6 21. f4
Nc4 22. Qe2 fxe5 23. fxe5 c6 24. Na3 Nxe3 25. Qxe3 Qh4 26. Bxc6 Be4 27. Nb5
Rfc8 28. Rac1 Bd8 29. Qf2 Qxf2+ 30. Rxf2 Bh4 31. Rff1 Bg5 32. Ra1 Bh6 33. Rac1
Bxc1 34. Rxc1 0-1

[Event "Carnaval"]
[Site "Quebec CAN"]
[Date "2010.01.31"]
[Round "5"]
[White "Kraiouchkine, Nikita"]
[Black "Masse, Hugues"]
[Result "1-0"]
[WhiteElo "2234"]
[BlackElo "2248"]
[PlyCount "64"]
[EventDate "2010.01.29"]
[EventType "swiss"]
[EventRounds "5"]
[EventCountry "CAN"]

1. e4 e6 2. d4 d5 3. Nc3 Nf6 4. e5 Nfd7 5. f4 c5 6. Nf3 Nc6 7. Be3 cxd4 8. Nxd4
Bc5 9. Qd2 O-O 10. O-O-O a6 11. Nb3 Bb4 12. Bd3 b5 13. g4 Nb6 14. Qf2 Rb8 15.
Bc5 Bxc5 16. Qxc5 Bd7 17. Nd4 Na5 18. Nf3 b4 19. Ne2 Na4 20. Qf2 Bb5 21. Bxh7+
Kxh7 22. Ng5+ Kg8 23. Qh4 Qxg5 24. fxg5 Bxe2 25. Rde1 Bb5 26. Re3 Rfc8 27. Rh3
Kf8 28. g6 Be8 29. Rf1 b3 30. axb3 Nxb3+ 31. Rxb3 Rxb3 32. gxf7 Ra8 1-0

[Event "RA Winter op"]
[Site "Ottawa CAN"]
[Date "2010.01.24"]
[Round "5"]
[White "Pacey, Kevin"]
[Black "Kraiouchkine, Nikita"]
[Result "1/2-1/2"]
[WhiteElo "2360"]
[BlackElo "2202"]
[PlyCount "173"]
[EventDate "2010.01.22"]
[EventType "swiss"]
[EventRounds "5"]
[EventCountry "CAN"]

1. d4 d5 2. Nf3 Nf6 3. c4 c6 4. cxd5 cxd5 5. Nc3 Nc6 6. Bf4 Bf5 7. e3 e6 8. Bb5
Bd6 9. Ne5 Bxe5 10. Bxe5 a6 11. Bxc6+ bxc6 12. O-O O-O 13. Rc1 Nd7 14. Bd6 Re8
15. Na4 Nb6 16. Bg3 Nxa4 17. Qxa4 Bd3 18. Rfd1 Bb5 19. Qc2 Qa5 20. Ra1 Qb4 21.
Rdc1 a5 22. a3 Qc4 23. Qd2 Qd3 24. Qxd3 Bxd3 25. Rxc6 a4 26. Rc3 Bc4 27. e4
Rac8 28. Re1 f5 29. f3 Kf7 30. Be5 g6 31. Kf2 Rc6 32. g4 Rb6 33. Rc2 Rb3 34.
exd5 exd5 35. gxf5 gxf5 36. Rg1 Rg8 37. Rxg8 Kxg8 38. Kg3 Kf7 39. Kf4 Ke6 40.
Rf2 Bb5 41. h4 Rd3 42. Kg5 Re3 43. Kh6 Be8 44. Bf4 Re1 45. Kxh7 Rg1 46. Re2+
Kf7 47. Bg5 Bb5 48. Re7+ Kf8 49. Re5 Bd3 50. Rxd5 f4+ 51. Kh6 Rg3 52. Bxf4 Rxf3
53. Kg5 Rf2 54. Rd8+ Kf7 55. Rd7+ Ke6 56. Rd6+ Ke7 57. Rb6 Rg2+ 58. Kh6 Bc4 59.
Bg5+ Kf7 60. Rb7+ Ke6 61. Kg6 Bd3+ 62. Kg7 Kf5 63. Kf7 Bc4+ 64. Ke8 Ke4 65. Bf6
Rh2 66. Kd7 Rf2 67. Ke7 Kd5 68. Rb6 Rh2 69. Rb4 Bb3 70. Rb5+ Kc6 71. Rc5+ Kb6
72. h5 Bd1 73. Re5 Rxh5 74. Rxh5 Bxh5 75. d5 Bg4 76. Bd4+ Kc7 77. Be5+ Kc8 78.
Kd6 Bf5 79. Kc6 Bd7+ 80. Kb6 Be8 81. Kc5 Bd7 82. Kb4 Be8 83. b3 axb3 84. Kxb3
Bf7 85. Kc4 Bxd5+ 86. Kxd5 Kb7 87. a4 1/2-1/2

[Event "Pere Noel"]
[Site "Montreal CAN"]
[Date "2009.12.26"]
[Round "1"]
[White "Poschmann, Jeremie"]
[Black "Kraiouchkine, Nikita"]
[Result "1-0"]
[WhiteElo "1813"]
[BlackElo "2287"]
[PlyCount "151"]
[EventDate "2009.12.26"]
[EventType "swiss"]
[EventRounds "5"]
[EventCountry "CAN"]

1. d4 d5 2. c4 c6 3. Nf3 Nf6 4. cxd5 cxd5 5. Bf4 Nc6 6. Nc3 Qb6 7. Qb3 Qxb3 8.
axb3 Bf5 9. e3 e6 10. Bb5 Nd7 11. O-O Be7 12. Rfc1 O-O 13. Bxc6 bxc6 14. Na4
Rfc8 15. Nc5 Nxc5 16. dxc5 Be4 17. Nd4 Bf6 18. Bd6 e5 19. Nf3 Re8 20. Ra6 d4
21. Nd2 Bd3 22. Nc4 e4 23. exd4 Bxd4 24. Rxc6 Re6 25. Rc7 Rae8 26. Bf4 a6 27.
Be3 Bf6 28. Bd2 Rd8 29. Nd6 Bxb2 30. Re1 Be5 31. Bb4 f5 32. Rb7 Rf8 33. Bd2 h6
34. b4 Bd4 35. Rd7 Be5 36. g3 g5 37. Kh1 Rff6 38. Rd8+ Kh7 39. Re8 Bxd6 40.
Rxe6 Rxe6 41. cxd6 Rxd6 42. Kg2 Bb5 43. Be3 Bc6 44. Rc1 Rg6 45. Kf1 Rf6 46. Bd4
Re6 47. Be3 Kg6 48. Rc5 Rd6 49. Ke1 Bb5 50. Bd2 Rd3 51. Rc1 Kh5 52. h3 Rf3 53.
Rc5 Rb3 54. Rc1 Rd3 55. Rc5 Kg6 56. Rc1 Rd7 57. Rc3 Rf7 58. h4 gxh4 59. gxh4 f4
60. Rc5 Rf5 61. Rxf5 Kxf5 62. Bc3 Kg4 63. Bf6 h5 64. Be7 Bc4 65. Bg5 Kf3 66.
Bh6 e3 67. fxe3 Kxe3 68. Bf8 Kf3 69. Bc5 Kg2 70. Bd4 Kf3 71. Bc5 Ke4 72. Kf2 f3
73. Be7 Be2 74. Bc5 Kd5 75. Be7 Kc4 76. Bf8 1-0

[Event "Pere Noel"]
[Site "Montreal CAN"]
[Date "2009.12.27"]
[Round "2"]
[White "Kraiouchkine, Nikita"]
[Black "Germain, Michel"]
[Result "0-1"]
[WhiteElo "2287"]
[BlackElo "1948"]
[PlyCount "102"]
[EventDate "2009.12.26"]
[EventType "swiss"]
[EventRounds "5"]
[EventCountry "CAN"]

1. e4 e5 2. Nf3 Nc6 3. Bb5 Nge7 4. c3 d5 5. Nxe5 dxe4 6. Nxc6 Nxc6 7. Qe2 Qd5
8. O-O f5 9. d4 Bd7 10. Bf4 Ne7 11. Bc4 Qc6 12. Re1 O-O-O 13. b4 Nd5 14. Be5
Nb6 15. Bb3 Qh6 16. a4 Be6 17. Nd2 Nd7 18. Bxe6 Qxe6 19. Bf4 h6 20. Nc4 g5 21.
Bd2 Bg7 22. a5 a6 23. b5 axb5 24. Ne3 f4 25. Nc2 Rhe8 26. Qxb5 Nb8 27. a6 Nxa6
28. Nb4 Rd6 29. d5 Qd7 30. Nc6 Rxd5 31. Rxa6 Qxc6 32. Qxc6 bxc6 33. Ra8+ Kd7
34. Rxe8 Kxe8 35. Rxe4+ Kd7 36. Re2 Rb5 37. Re1 Kd6 38. h4 Rd5 39. Re2 Kc5 40.
hxg5 hxg5 41. f3 Kc4 42. Re4+ Kb3 43. Bc1 Kc2 44. Ba3 Bxc3 45. Be7 c5 46. Kh2
Kd3 47. Re6 c4 48. Rc6 Be5 49. Bxg5 c3 50. Be7 Rd7 51. Bh4 Kd2 0-1

[Event "Pere Noel"]
[Site "Montreal CAN"]
[Date "2009.12.28"]
[Round "3"]
[White "Moore, Ronald"]
[Black "Kraiouchkine, Nikita"]
[Result "0-1"]
[WhiteElo "1689"]
[BlackElo "2287"]
[PlyCount "84"]
[EventDate "2009.12.26"]
[EventType "swiss"]
[EventRounds "5"]
[EventCountry "CAN"]

1. d4 d5 2. Bg5 c6 3. Nf3 Qb6 4. Qc1 Nf6 5. e3 Bf5 6. Bd3 Bxd3 7. cxd3 Nbd7 8.
Nc3 h6 9. Bf4 e6 10. Ne5 Nxe5 11. Bxe5 Nd7 12. O-O Nxe5 13. dxe5 Be7 14. d4 Rc8
15. Qd2 O-O 16. Rac1 Qb4 17. a3 Qb3 18. Ne2 b6 19. Rc3 Qa4 20. f4 f5 21. h3 c5
22. Rfc1 Qd7 23. g4 fxg4 24. hxg4 c4 25. Ng3 b5 26. Qh2 Qe8 27. Kg2 Qg6 28. Qh3
Rc6 29. Rh1 b4 30. axb4 Bxb4 31. f5 exf5 32. gxf5 Qg5 33. Qh5 Qxh5 34. Rxh5
Bxc3 35. bxc3 a5 36. e4 dxe4 37. d5 Rc5 38. f6 Rxd5 39. Nf5 Rd2+ 40. Kg1 gxf6
41. Nxh6+ Kg7 42. e6 Rb8 0-1

[Event "Pere Noel"]
[Site "Montreal CAN"]
[Date "2009.12.29"]
[Round "4"]
[White "Kraiouchkine, Nikita"]
[Black "Page-Fortin, Mathieu"]
[Result "1/2-1/2"]
[WhiteElo "2287"]
[BlackElo "1817"]
[PlyCount "82"]
[EventDate "2009.12.26"]
[EventType "swiss"]
[EventRounds "5"]
[EventCountry "CAN"]

1. e4 e6 2. d4 d5 3. Nc3 Nf6 4. e5 Nfd7 5. f4 c5 6. Nf3 Nc6 7. Be3 cxd4 8. Nxd4
Bc5 9. Qd2 a6 10. Nb3 Bxe3 11. Qxe3 b5 12. Ne2 Bb7 13. Ned4 Qb6 14. c3 Rc8 15.
Bd3 b4 16. O-O bxc3 17. bxc3 Nc5 18. Nxe6 fxe6 19. Qxc5 Qd8 20. Qe3 Ne7 21. Nd4
Qd7 22. Qh3 Rxc3 23. Bg6+ hxg6 24. Qxh8+ Kf7 25. f5 gxf5 26. g4 Qa4 27. Rad1
Rc4 28. Qh5+ Kg8 29. Ne2 Rxg4+ 30. Ng3 Qe4 31. Qe8+ Kh7 32. Rde1 Qd4+ 33. Rf2
Ng6 34. Qxe6 Nh4 35. Qf7 Nf3+ 36. Kf1 Qd3+ 37. Ree2 Bc6 38. Rg2 Qd1+ 39. Kf2
Qd4+ 40. Kf1 Qd1+ 41. Kf2 Qd4+ 1/2-1/2

[Event "Pere Noel"]
[Site "Montreal CAN"]
[Date "2009.12.30"]
[Round "5"]
[White "Sarrazin-Gendron, Roman"]
[Black "Kraiouchkine, Nikita"]
[Result "0-1"]
[WhiteElo "1910"]
[BlackElo "2287"]
[PlyCount "42"]
[EventDate "2009.12.26"]
[EventType "swiss"]
[EventRounds "5"]
[EventCountry "CAN"]

1. Nf3 d5 2. c4 c6 3. b3 Nf6 4. g3 Bg4 5. Bg2 e6 6. Bb2 Nbd7 7. d4 Bd6 8. Ne5
Bh5 9. Nd2 O-O 10. h3 Bg6 11. f4 Be4 12. Bxe4 Nxe4 13. Nxe4 dxe4 14. Qc2 Nxe5
15. dxe5 Bc5 16. Rd1 Qb6 17. Rh2 Rfd8 18. Bc3 Rxd1+ 19. Kxd1 Rd8+ 20. Ke1 Bb4
21. Bxb4 Qg1# 0-1

[Event "Montmagny op"]
[Site "Montmagny CAN"]
[Date "2009.11.06"]
[Round "1"]
[White "Kraiouchkine, Nikita"]
[Black "Chevalier, Francois"]
[Result "1-0"]
[WhiteElo "2287"]
[BlackElo "1812"]
[PlyCount "103"]
[EventDate "2009.11.06"]
[EventType "swiss"]
[EventRounds "5"]
[EventCountry "CAN"]

1. e4 c6 2. d4 d5 3. Nc3 dxe4 4. Nxe4 Nd7 5. Ng5 Ngf6 6. Bd3 e6 7. N1f3 Bd6 8.
Qe2 h6 9. Ne4 Nxe4 10. Qxe4 Qc7 11. O-O b6 12. Re1 Bb7 13. Ne5 Bxe5 14. dxe5
Nc5 15. Qg4 Nxd3 16. cxd3 O-O-O 17. d4 Kb8 18. Be3 h5 19. Qe2 Rd5 20. b4 g6 21.
a4 b5 22. Rec1 Qd7 23. Qa2 a6 24. Qc2 Rc8 25. Rd1 Qe7 26. Qd2 Qd7 27. a5 Rd8
28. Ra3 Rc8 29. Rd3 Rd8 30. Bg5 Rc8 31. Bf6 Qe8 32. Kf1 Rc7 33. Ke2 Rcd7 34.
Qh6 Ka7 35. Qh8 Qxh8 36. Bxh8 Kb8 37. Bf6 Kc7 38. Ke3 Kb8 39. f3 Rc7 40. g4
hxg4 41. fxg4 Rc8 42. h4 Rg8 43. Kf4 Rd7 44. R3d2 Rc7 45. h5 gxh5 46. gxh5 Rcc8
47. Rh2 Kc7 48. h6 Rh8 49. Bxh8 Rxh8 50. h7 Kd7 51. Rg1 Ke7 52. Rg8 1-0

[Event "Montmagny op"]
[Site "Montmagny CAN"]
[Date "2009.11.07"]
[Round "2"]
[White "Forget, Luc"]
[Black "Kraiouchkine, Nikita"]
[Result "1/2-1/2"]
[WhiteElo "1958"]
[BlackElo "2287"]
[PlyCount "66"]
[EventDate "2009.11.06"]
[EventType "swiss"]
[EventRounds "5"]
[EventCountry "CAN"]

1. d4 d5 2. c4 c6 3. Nf3 Nf6 4. g3 dxc4 5. Bg2 b5 6. O-O Bb7 7. a4 a6 8. b3
cxb3 9. Qxb3 e6 10. Bb2 Nbd7 11. Nbd2 Be7 12. Rfd1 O-O 13. e4 Qb6 14. e5 Nd5
15. Ne4 c5 16. dxc5 Nxc5 17. Nxc5 Bxc5 18. Bd4 Rfc8 19. axb5 axb5 20. Rxa8 Rxa8
21. Bxc5 Qxc5 22. Ng5 Rc8 23. Qd3 Qc2 24. Be4 Qxd3 25. Bxd3 b4 26. Ne4 Nc3 27.
Nxc3 bxc3 28. f4 Rd8 29. Kf2 Kf8 30. Ke3 Ke7 31. Rc1 Rc8 32. Kd4 Rd8+ 33. Ke3
Rc8 1/2-1/2

[Event "Montmagny op"]
[Site "Montmagny CAN"]
[Date "2009.11.07"]
[Round "3"]
[White "Kraiouchkine, Nikita"]
[Black "Poulin, Mathieu"]
[Result "1-0"]
[WhiteElo "2287"]
[BlackElo "1951"]
[PlyCount "91"]
[EventDate "2009.11.06"]
[EventType "swiss"]
[EventRounds "5"]
[EventCountry "CAN"]

1. e4 c6 2. d4 d5 3. Nc3 dxe4 4. Nxe4 Bf5 5. Ng3 Bg6 6. h4 h6 7. Nf3 Nd7 8. h5
Bh7 9. Bd3 Bxd3 10. Qxd3 e6 11. Bf4 Qa5+ 12. Bd2 Qc7 13. O-O-O Ngf6 14. Ne4
O-O-O 15. g3 Nxe4 16. Qxe4 Nf6 17. Qe2 Bd6 18. Kb1 Kb8 19. Ne5 c5 20. Nc4 Ka8
21. Nxd6 Qxd6 22. Be3 cxd4 23. Bxd4 Qe7 24. c4 Rd7 25. Be5 Rhd8 26. g4 Ne8 27.
f4 a6 28. Rxd7 Qxd7 29. Kc1 f6 30. Bc3 Qd6 31. Qf3 Kb8 32. Re1 Nc7 33. Rd1
Qxd1+ 34. Qxd1 Rxd1+ 35. Kxd1 Ne8 36. Bb4 Kc7 37. Bf8 e5 38. fxe5 fxe5 39. g5
Kd7 40. Bxg7 Ke6 41. gxh6 Nf6 42. Bxf6 Kxf6 43. Ke2 Kf7 44. Ke3 Kg8 45. Ke4 Kh7
46. Kxe5 1-0